Documentos relacionados con la información instruida por el señor General de División D. Juan Picasso sobre las responsabilidades de la actuación española en Marruecos durante julio de 1921. (Record no. 57255)

MARC details
000 -LEADER
campo de control de longitud fija 00632nam a2200169 i 4500
001 - NÚMERO DE CONTROL
campo de control 57255
003 - IDENTIFICADOR DE NÚMERO DE CONTROL
campo de control ES-MaACL
005 - FECHA Y HORA DE LA ÚLTIMA TRANSACCIÓN
campo de control 20230906163537.0
007 - CAMPO FIJO DE DESCRIPCIÓN FÍSICA--INFORMACIÓN GENERAL
campo de control de longitud fija t|
008 - DATOS DE LONGITUD FIJA--INFORMACIÓN GENERAL
campo de control de longitud fija 031015s1923 sp ||||1| spa d
245 00 - MENCIÓN DEL TÍTULO
Título Documentos relacionados con la información instruida por el señor General de División D. Juan Picasso sobre las responsabilidades de la actuación española en Marruecos durante julio de 1921.
260 ## - PUBLICACIÓN, DISTRIBUCIÓN, ETC.
Lugar de publicación, distribución, etc. Madrid :
Nombre del editor, distribuidor, etc. Rivadeneyra,
Fecha de publicación, distribución, etc. 1923.
300 ## - DESCRIPCIÓN FÍSICA
Extensión 377 p. ;
Dimensiones 30 cm.
650 #4 - PUNTO DE ACCESO ADICIONAL DE MATERIA--TÉRMINO DE MATERIA
Término de materia o nombre geográfico como elemento de entrada Guerra del Rif, 1921-1926.
9 (RLIN) 142118
710 1# - ENTRADA AGREGADA--NOMBRE DE ENTIDAD CORPORATIVA
Nombre de entidad corporativa o nombre de jurisdicción como elemento de entrada España.
Unidad subordinada Cortes Generales.
-- Congreso.
9 (RLIN) 3671
852 ## - LOCALIZACIÓN
Ubicación ES-MaACL
Número de control de estantería C-1596
Holdings
Estatus retirado Estado de pérdida Estado de daño No para préstamo Biblioteca de origen Biblioteca actual Ubicación en estantería Fecha de adquisición Fuente de adquisición Total de préstamos Signatura topográfica completa Código de barras Visto por última vez Precio de reemplazo Tipo de ítem Koha
        Biblioteca del Ateneo de Madrid Biblioteca del Ateneo de Madrid Sala Palomar 17/01/2008     C-1596 1060114 23/02/2023 23/02/2023 Libro impreso